| 000 | 00642nam a2200181 a 4500 | ||
|---|---|---|---|
| 001 | 2615 | ||
| 003 | CDMR | ||
| 005 | 20131107105428.0 | ||
| 008 | 130130s1981||||||||||||||||||||||||||||d | ||
| 040 |
_aCDMR _bcat _cCDMR |
||
| 100 | 1 |
_aZeidler, Günter _91956 |
|
| 245 | 1 | 4 |
_aLos cables de fibras ópticas y su empleo en telecomunicaciones _c[traducción: Antonio Soubrier] |
| 260 |
_a[Madrid] _c1981 _bInstituto Oficial de Radio y Televisión |
||
| 300 |
_a15 p. _bil. _c30 cm |
||
| 500 | _aTraducció de l'article de G. Zeidler, aparegut a la revista UER núm. 189 (octubre 1981) | ||
| 650 | 0 | 4 |
_94180 _aSistemes de telecomunicació |
| 942 |
_cMON _2udc |
||
| 999 |
_c2615 _d2615 |
||